| 000 | 01230nam a22002895a 4500 | ||
|---|---|---|---|
| 003 | OSt | ||
| 005 | 20170304144824.0 | ||
| 008 | 170304s2015 ua frb 000 0 ara d | ||
| 015 | _a2014 / 14665 | ||
| 020 | _a9789776449183 | ||
| 040 |
_aEG-ScBUE _bara _cEG-ScBUE |
||
| 082 | 0 | 4 |
_a346.0682 _bك م ا _222 |
| 100 | 1 | _aكمال، كريم. | |
| 245 | 1 | 2 |
_aالتحالفات الاتحادية الاتفاقية المؤقتة لتنفيذ المشروعات الاستثمارية الحكومية / _cتأليف كريم كمال. |
| 250 | _aط. 1. | ||
| 260 |
_aالقاهرة : _bدار النهضة العربية، _c2015. |
||
| 300 |
_a392 ص. ؛ _c24 سم. |
||
| 504 | _aيشتمل على إرجاعات ببليوجرافية. | ||
| 505 | 0 | _aالمشروعات المشتركة (JV) -- الكونسورتيوم. | |
| 650 | 7 |
_aالاتفاقيات التجارية (قانون دولي) _2BUEsh |
|
| 650 | 7 |
_aالاستثمار الدولي (قانون دولي) _2BUEsh |
|
| 650 | 7 |
_aالمشروعات المشتركة _xقوانين وتشريعات. _2BUEsh |
|
| 650 | 7 |
_aالعقود الإدارية _xقوانين وتشريعات. _2BUEsh |
|
| 651 | _2BUEsh | ||
| 653 |
_bLLAAWW _cMarch2017 |
||
| 942 | _2ddc | ||
| 999 |
_c24309 _d24281 |
||